[Event "Mecklenburg VP LL2 Ost 1112"]
[Site "Mecklenburg VP"]
[Date "2011.10.23"]
[Round "2.5"]
[White "Sommer, Hans Hermann"]
[Black "Boecking, Uwe"]
[Result "1-0"]
[WhiteElo "1680"]
[BlackElo "1750"]
[PlyCount "74"]
[EventDate "2011.10.02"]
[EventType "team-tourn"]
[EventRounds "9"]
[EventCountry "GER"]
[SourceTitle "EXT 2022"]
[Source "ChessBase"]
[SourceDate "2021.10.06"]
[SourceVersion "1"]
[SourceVersionDate "2021.10.06"]
[SourceQuality "1"]
[WhiteTeam "Neubrandenburg SG Eintracht II"]
[BlackTeam "Warnemuende SF Ostsee II"]
[WhiteTeamCountry "GER"]
[BlackTeamCountry "GER"]

1. e4 c5 2. d4 cxd4 3. c3 dxc3 4. Nxc3 e6 5. Nf3 a6 6. Bc4 b5 7. Bb3 d6 8. 0-0 Ra7 9. Qe2 Rd7 10. Rd1 Be7 11. Bf4 e5 12. Be3 Nf6 13. Rac1 0-0 14. h3 Bb7 15. Nd5 Nxe4 16. Bb6 Ng3 17. fxg3 Qe8 18. Be3 Nc6 19. Bg5 Bxg5 20. Nxg5 Nd4 21. Qh5 h6 22. Ne4 Qd8 23. Kh2 Nxb3 24. axb3 f5 25. Nec3 Kh7 26. Ne2 Qa5 27. b4 Qd8 28. Qf3 Qg5 29. h4 Qg6 30. Qe3 Qf7 31. Qd2 Qe6 32. Nec3 Rdd8 33. Qe2 Rfe8 34. Nc7 Qd7 35. Nxe8 Rxe8 36. Qd2 Qc6 37. Nd5 Qd7 1-0

[Event "Mecklenburg VP LL2 Ost 0809"]
[Site "Mecklenburg VP"]
[Date "2009.03.01"]
[Round "7.4"]
[White "Fiss, Daniel"]
[Black "Sommer, Hans Hermann"]
[Result "0-1"]
[WhiteElo "1652"]
[BlackElo "1593"]
[PlyCount "120"]
[EventDate "2008.09.28"]
[EventType "team-tourn"]
[EventRounds "9"]
[EventCountry "GER"]
[SourceTitle "EXT 2022"]
[Source "ChessBase"]
[SourceDate "2021.10.06"]
[SourceVersion "1"]
[SourceVersionDate "2021.10.06"]
[SourceQuality "1"]
[WhiteTeam "Rostock SSC 07 III"]
[BlackTeam "Neubrandenburg SG Eintracht II"]
[WhiteTeamCountry "GER"]
[BlackTeamCountry "GER"]

1. f4 e5 2. fxe5 d6 3. Nf3 Nc6 4. e4 dxe5 5. Bc4 Bc5 6. Nc3 Nf6 7. h3 0-0 8. d3 Nd4 9. Nxd4 Bxd4 10. Bg5 Bxc3+ 11. bxc3 Qd6 12. 0-0 Ne8 13. Qf3 Be6 14. Bxe6 Qxe6 15. Qf5 Qxf5 16. exf5 f6 17. Be3 b6 18. Rad1 Nd6 19. a4 Rfe8 20. g4 c5 21. c4 Nb7 22. Rfe1 Rad8 23. Kf2 Re7 24. Rd2 Red7 25. Red1 Na5 26. Kf3 Nc6 27. c3 Kf7 28. Ke2 Na5 29. h4 h6 30. Kf3 Ke7 31. Ke4 Kf7 32. Kf3 Rh8 33. h5 Re8 34. Ke2 Ke7 35. Rb1 Kd6 36. Rb5 Kc6 37. Rb1 Red8 38. Rbd1 Nb7 39. Kf3 Rd6 40. Ke4 Na5 41. Kf3 Kc7 42. Ke4 R8d7 43. Kf3 Nb7 44. d4 exd4 45. cxd4 cxd4 46. Rxd4 Rxd4 47. Rxd4 Rxd4 48. Bxd4 Kc6 49. Ke4 Nc5+ 50. Ke3 Nxa4 51. Kd2 Nc5 52. Kc2 Nd7 53. Bb2 Ne5 54. Bxe5 fxe5 55. g5 Kd6 56. f6 Ke6 57. fxg7 Kf7 58. gxh6 Kg8 59. Kd3 a5 60. Ke4 a4 0-1

[Event "Tierpark op 7th"]
[Site "Ueckermuende"]
[Date "2008.09.06"]
[Round "2.4"]
[White "Sommer, Hans Hermann"]
[Black "Gwiazda, Slawomir"]
[Result "0-1"]
[WhiteElo "1593"]
[BlackElo "1817"]
[PlyCount "110"]
[EventDate "2008.09.05"]
[EventType "swiss"]
[EventRounds "5"]
[EventCountry "GER"]
[SourceTitle "EXT 2023"]
[Source "ChessBase"]
[SourceDate "2022.10.05"]
[SourceVersion "1"]
[SourceVersionDate "2022.10.05"]
[SourceQuality "1"]

1. e4 e6 2. d4 d5 3. Nc3 Nf6 4. Bg5 Be7 5. e5 Nfd7 6. h4 0-0 7. Nb5 f6 8. exf6 Nxf6 9. Nf3 a6 10. Nc3 c5 11. dxc5 Nc6 12. Bd3 e5 13. Bxf6 Bxf6 14. Nxd5 e4 15. Nxf6+ Qxf6 16. Bxe4 Re8 17. 0-0 Rxe4 18. Qd5+ Qe6 19. Qh5 Qg4 20. Qxg4 Bxg4 21. Nd2 Re2 22. Nc4 Rf8 23. Ne3 Bf5 24. Rfe1 Rxe1+ 25. Rxe1 Be6 26. a3 Rd8 27. Rd1 Rd4 28. Rxd4 Nxd4 29. b4 Nb5 30. a4 Nc3 31. a5 Bd7 32. Kf1 Na2 33. Nd5 Be6 34. Ne7+ Kf8 35. c6 bxc6 36. Nxc6 Bd5 37. Nd4 Nxb4 38. c3 Nc6 39. Nxc6 Bxc6 40. g4 Ke7 41. Ke2 Kd6 42. Kd3 Bf3 43. g5 Kc5 44. Ke3 Bg4 45. f4 Kc4 46. Ke4 g6 47. h5 Bxh5 48. f5 gxf5+ 49. Kxf5 Kxc3 50. Ke5 Kb4 51. Kd4 Kxa5 52. Kc3 Kb5 53. Kd3 Kb4 54. Kc2 Kc4 55. Kc1 Kc3 0-1

[Event "Mecklenburg VP LL2 Ost 0708"]
[Site "Mecklenburg VP"]
[Date "2007.12.09"]
[Round "4.4"]
[White "Vlach, Michael"]
[Black "Sommer, Hans Hermann"]
[Result "0-1"]
[WhiteElo "1672"]
[BlackElo "1583"]
[PlyCount "74"]
[EventDate "2007.10.21"]
[EventType "team-tourn"]
[EventRounds "9"]
[EventCountry "GER"]
[SourceTitle "EXT 2016"]
[Source "ChessBase"]
[SourceDate "2015.10.08"]
[SourceVersion "1"]
[SourceVersionDate "2015.10.08"]
[SourceQuality "1"]
[WhiteTeam "Stralsund FHSG II"]
[BlackTeam "Neubrandenburg SG Eintracht II"]
[WhiteTeamCountry "GER"]
[BlackTeamCountry "GER"]

1. d4 Nf6 2. c4 g6 3. Nc3 d5 4. cxd5 Nxd5 5. e4 Nxc3 6. bxc3 Bg7 7. Rb1 c5 8. Bb5+ Bd7 9. Bxd7+ Qxd7 10. Ne2 cxd4 11. cxd4 0-0 12. 0-0 b5 13. Qb3 a6 14. d5 Re8 15. Rd1 Ra7 16. Nd4 Rc7 17. f3 Rc4 18. Be3 Rec8 19. Ne2 Qd6 20. Rdc1 e6 21. dxe6 Qxe6 22. Rxc4 Rxc4 23. Rd1 Qe7 24. Nf4 Nc6 25. Nd5 Qb7 26. Nb6 Nd4 27. Rxd4 Rxd4 28. Nd5 Rc4 29. Bb6 Bd4+ 30. Bxd4 Rxd4 31. Qe3 Rxd5 32. exd5 Qxd5 33. Qa3 Qd1+ 34. Kf2 Qd2+ 35. Kf1 a5 36. Qb3 b4 37. a3 Qc1+ 0-1

[Event "Mecklenburg VP LL2 Ost 0708"]
[Site "Mecklenburg VP"]
[Date "2007.11.04"]
[Round "2.5"]
[White "Sommer, Hans Hermann"]
[Black "Melzer, Georg"]
[Result "0-1"]
[WhiteElo "1583"]
[BlackElo "1666"]
[PlyCount "88"]
[EventDate "2007.10.21"]
[EventType "team-tourn"]
[EventRounds "9"]
[EventCountry "GER"]
[SourceTitle "EXT 2016"]
[Source "ChessBase"]
[SourceDate "2015.10.08"]
[SourceVersion "1"]
[SourceVersionDate "2015.10.08"]
[SourceQuality "1"]
[WhiteTeam "Neubrandenburg SG Eintracht II"]
[BlackTeam "Pasewalk"]
[WhiteTeamCountry "GER"]
[BlackTeamCountry "GER"]

1. e4 e5 2. Nf3 Nc6 3. Bb5 a6 4. Ba4 Nf6 5. 0-0 b5 6. Bb3 d6 7. h3 Be7 8. d4 exd4 9. c4 dxc3 10. Nxc3 0-0 11. Qe2 Na5 12. Rd1 Nxb3 13. axb3 Qe8 14. Nxb5 Qc6 15. Bg5 axb5 16. Rac1 Qb7 17. e5 dxe5 18. Nxe5 Be6 19. Nc6 Rfe8 20. Qf3 Qc8 21. Nxe7+ Rxe7 22. Bxf6 gxf6 23. Qxf6 Rd7 24. Rxd7 Qxd7 25. Rc3 Bf5 26. Rg3+ Bg6 27. h4 Ra1+ 28. Kh2 Qd1 29. Rg5 h5 30. f4 Qg1+ 31. Kg3 Qe3+ 32. Kh2 Rf1 33. f5 Qf4+ 34. Rg3 Qxf5 35. Qd8+ Kh7 36. Qxc7 Qf4 37. Qe7 Qf6 38. Qb4 Qe5 39. Qd2 Rf4 40. Rg5 Rxh4+ 41. Kg1 Qd4+ 42. Qxd4 Rxd4 43. Rxb5 Rd2 44. Rb7 Kg7 0-1